Finish the Movie Title VII Quiz Stats

Quiz Updated Aug 21, 2017

Challenge
Share
Tweet
Embed
Score 0/40 Timer 05:00
2 Plays Today
Start of Title Last Word % Correct
How the Grinch Stole...Christmas
99.1%
Willy Wonka & the Chocolate...Factory
96.1%
The Man Who Knew Too...Much
94.5%
Singin' in the...Rain
94.2%
Lady and the...Tramp
93.9%
From Dusk till...Dawn
93.8%
The 40-Year-Old...Virgin
93.7%
Harry Potter and the Chamber of...Secrets
93.4%
Gone in 60...Seconds
93.3%
Kiss Kiss Bang...Bang
93.2%
Night of the Living...Dead
92.5%
Ferris Bueller's Day...Off
92.4%
Rebel Without a...Cause
91.2%
Monty Python and the Holy...Grail
90.8%
Slums of Beverly...Hills
90.7%
Horton Hears a...Who!
86.9%
Dead Man...Walking
85.4%
The Man in the Iron...Mask
82.2%
All the President's...Men
80.1%
Creature from the Black...Lagoon
79.7%
Start of Title Last Word % Correct
Up in the...Air
79.5%
What to Expect When You're...Expecting
78.2%
Scott Pilgrim vs. the...World
78.2%
An American Werewolf in...London
74.1%
Devil in a Blue...Dress
73.1%
In the Heat of the...Night
72.9%
Requiem for a...Dream
71%
Bringing Down the...House
70.6%
Alexander and the Terrible, Horrible, No Good, Very Bad...Day
70.2%
Jay and Silent Bob Strike...Back
68.5%
Mike and Dave Need Wedding...Dates
67.1%
The Little Girl Who Lives Down the...Lane
60.6%
Pump Up the...Volume
56.5%
The Cook, the Thief, His Wife & Her...Lover
47.5%
The Little...Mermaid
43.7%
My Own Private...Idaho
40.1%
20th Century...Women
25%
The Good...Dinosaur
23.5%
The Cabinet of Dr....Caligari
14.9%
The Umbrellas of...Cherbourg
10.7%

You're not logged in!

Compare scores with friends on all Sporcle quizzes.
Sign Up with Email
OR
Log In

You Might Also Like...

Show Comments

Extras

Top Quizzes Today


Score Distribution

Your Account Isn't Verified!

In order to create a playlist on Sporcle, you need to verify the email address you used during registration. Go to your Sporcle Settings to finish the process.